000 00777nam a2200229Ii 4500
003 JO-AjNU
008 230605s9999||||xx |||||||||||||| ||und||
017 _a39461
020 _a9957-16-148-4
040 _aJO-AjNU
_bara
_erda
_cJO-AjNU
041 _aara
050 1 4 _aKMM405.S2478.2008
100 3 _aالسعيد، كامل ,
_eauthor
_931720
245 0 0 _aشرح قانون العقوبات : الجرائم الواقعة على الانسان
250 _aط2
264 3 1 _aعمان : دار الثقافة ، 2008
300 _a408ص
336 _atext
_btxt
_2rdacontent
337 _aunmediated
_bn
_2rdamedia
338 _avolume
_bnc
_2rdacarrier
650 4 _aالجرائم ضد الافراد -- القانون الجنائي -- العقوبات
_931721
999 _aA12719
_c16287
_d16287